[Event "Magyar rapid bajnokság"]
[Site "Ajka"]
[Date "2020.07.19"]
[Round "13.22"]
[White "Terbe, Zsuzsanna"]
[Black "Kozma, Karoly"]
[Result "0-1"]
[WhiteElo "2093"]
[BlackElo "2255"]
[PlyCount "92"]
[EventDate "2020.07.17"]
[EventType "swiss"]
[EventRounds "13"]
[EventCountry "HUN"]

1. d4 Nf6 2. Nf3 g6 3. g3 Bg7 4. Bg2 O-O 5. c4 d6 6. Nc3 Nc6 7. O-O Bf5 8. Ne1
Qc8 9. e4 Bh3 10. f3 e5 11. d5 Nd4 12. Be3 c5 13. dxc6 bxc6 14. Nc2 Bxg2 15.
Kxg2 Nxc2 16. Qxc2 Qe6 17. b3 d5 18. cxd5 cxd5 19. Nxd5 Nxd5 20. exd5 Qxd5 21.
Rfd1 Qb7 22. Rac1 Rac8 23. Qd3 h5 24. Bc5 Rfe8 25. Rc4 a6 26. b4 Qb5 27. Qc2
Rcd8 28. a4 Qb7 29. Bd6 e4 30. Rxe4 Rxe4 31. fxe4 Qd7 32. Rd5 Rc8 33. Bc5 Qe6
34. Qd3 Re8 35. a5 Kh7 36. Rd6 Qa2+ 37. Qd2 Qc4 38. Qd3 Qa2+ 39. Qd2 Qc4 40.
Qd5 Qe2+ 41. Bf2 Rxe4 42. Qxf7 Rg4 43. h3 Rg5 44. Qf3 Qc4 45. Rd7 Rf5 46. Qe3
Qc6+ 0-1

[Event "Magyar rapid bajnokság"]
[Site "Ajka"]
[Date "2020.07.19"]
[Round "13.23"]
[White "Nemeth, Zoltan"]
[Black "Szilagyi, Norbert"]
[Result "1-0"]
[WhiteElo "2247"]
[BlackElo "1912"]
[PlyCount "85"]
[EventDate "2020.07.17"]
[EventType "swiss"]
[EventRounds "13"]
[EventCountry "HUN"]

1. c4 b6 2. Nc3 e6 3. b3 Bb7 4. Bb2 f5 5. Nf3 Nf6 6. g3 g6 7. Bg2 Bg7 8. O-O
O-O 9. d3 d6 10. Re1 Nbd7 11. Ng5 Bxg2 12. Nxe6 Qe7 13. Nxf8 Bh3 14. Nxd7 Qxd7
15. Nd5 Rf8 16. Nxf6+ Bxf6 17. Bxf6 Rxf6 18. f4 d5 19. Qc2 d4 20. e3 Rd6 21. e4
fxe4 22. Rxe4 Bf5 23. Re5 c5 24. Rae1 Re6 25. Rxe6 Bxe6 26. Qe2 Kf7 27. Qe5 Qc6
28. Kf2 h5 29. a3 a5 30. Qh8 a4 31. bxa4 Qxa4 32. Qe5 Qc6 33. h3 Qd7 34. Qxe6+
Qxe6 35. Rxe6 Kxe6 36. g4 h4 37. Kf3 Kd6 38. Ke4 Ke6 39. a4 Kd6 40. f5 g5 41.
f6 Ke6 42. f7 Kxf7 43. Kf5 1-0

[Event "Magyar rapid bajnokság"]
[Site "Ajka"]
[Date "2020.07.19"]
[Round "13.24"]
[White "Buzas, Bertalan"]
[Black "Hardicsay, Peter"]
[Result "1/2-1/2"]
[WhiteElo "2080"]
[BlackElo "2240"]
[PlyCount "153"]
[EventDate "2020.07.17"]
[EventType "swiss"]
[EventRounds "13"]
[EventCountry "HUN"]

1. d4 d5 2. Nf3 Nf6 3. g3 g6 4. Bg2 Bg7 5. O-O O-O 6. c4 Nc6 7. Ne5 dxc4 8.
Nxc6 bxc6 9. Bxc6 Rb8 10. Na3 Bh3 11. Re1 Ng4 12. e3 e5 13. f3 Nh6 14. dxe5
Bxe5 15. Qxd8 Rfxd8 16. Nxc4 Bg7 17. e4 Be6 18. Ne3 Bxb2 19. Rb1 Bxc1 20. Rexc1
Rxb1 21. Rxb1 Bxa2 22. Rb7 Rd3 23. Kf2 Rd2+ 24. Ke1 Rxh2 25. Rxa7 Be6 26. g4 g5
27. Rxc7 Kf8 28. Ra7 Ra2 29. Rb7 Ng8 30. Bd5 Ra1+ 31. Ke2 Ne7 32. Bxe6 fxe6 33.
Nc4 h5 34. gxh5 Rh1 35. Rb6 Rxh5 36. Rxe6 Kf7 37. Ra6 Ng6 38. Nd6+ Kf8 39. Ra5
Nf4+ 40. Ke3 Ke7 41. Nf5+ Kf6 42. Ra6+ Ke5 43. Ne7 Rh2 44. Ng6+ Nxg6 45. Rxg6
Rg2 46. Rg8 Kf6 47. Ra8 Rb2 48. Ra5 Rb8 49. Kf2 Rb1 50. Ra6+ Kf7 51. Kg2 Rd1
52. Rb6 Re1 53. Kf2 Rc1 54. e5 Rc5 55. e6+ Kf6 56. Kg3 Rc4 57. e7+ Kxe7 58. Rg6
Kf7 59. Rxg5 Kf6 60. Ra5 Rb4 61. Rh5 Kg6 62. Re5 Kf6 63. Re3 Ra4 64. Rb3 Rc4
65. Rb8 Ra4 66. Rf8+ Kg7 67. Rf4 Rxf4 68. Kxf4 Kf6 69. Ke4 Ke6 70. f4 Kf6 71.
f5 Kf7 72. Ke5 Ke7 73. f6+ Kf7 74. Kf5 Kf8 75. Ke6 Ke8 76. f7+ Kf8 77. Kf6
1/2-1/2

[Event "Magyar rapid bajnokság"]
[Site "Ajka"]
[Date "2020.07.19"]
[Round "13.25"]
[White "Miszler, Levente"]
[Black "Martini, Balazs"]
[Result "0-1"]
[WhiteElo "1986"]
[BlackElo "2228"]
[PlyCount "88"]
[EventDate "2020.07.17"]
[EventType "swiss"]
[EventRounds "13"]
[EventCountry "HUN"]

1. Nf3 Nf6 2. c4 g6 3. g3 Bg7 4. Bg2 O-O 5. O-O d6 6. Nc3 c6 7. Rb1 a5 8. a3 e5
9. d3 Qe7 10. Nd2 Be6 11. b4 axb4 12. axb4 d5 13. b5 Rd8 14. Qb3 Nbd7 15. Bb2
Nc5 16. Qc2 d4 17. Nce4 Nfxe4 18. Nxe4 cxb5 19. cxb5 Na4 20. Ra1 Rdc8 21. Qd2
Qd7 22. Qb4 Nxb2 23. Qxb2 f5 24. Rxa8 Rxa8 25. Nc5 Qe7 26. Nxe6 Qxe6 27. Bxb7
Ra2 28. Qc1 Rxe2 29. Qc7 h5 30. Qd8+ Kh7 31. Bd5 Qf6 32. Qe8 e4 33. Rc1 exd3
34. Qg8+ Kh6 35. Rd1 d2 36. Kg2 Qe5 37. Bf3 d3 38. Qd5 Qe3 39. Bxe2 dxe2 40.
Rxd2 Qe8 41. Rxe2 Qxe2 42. Qd7 Qb2 43. h4 Bd4 44. Kh3 Qxf2 0-1